000 00495nam a2200181Ia 4500
999 _c65645
_d65645
005 20240530110836.0
008 140319s1995 xx 000 0 ara d
017 _bمصر. دار الكتب
020 _a91/1039
040 _aGCL /
_cGCL
082 0 4 _a301
_bع م
_221
100 0 _aعلى الحوات
245 1 0 _aمبادئ علم الاجتماع /
_cعلى الحوات
250 _aط. 2
260 _aالقاهرة :
_c1995
300 _a336 ص. ؛
_c24 سم.
942 _2ddc
_cBK